| 000 | 00595nam a22002057a 4500 | ||
|---|---|---|---|
| 003 | OSt | ||
| 005 | 20160617143321.0 | ||
| 008 | 160617b xxu||||| |||| 00| 0 eng d | ||
| 020 | _a0723432856 | ||
| 040 | _cDNLM | ||
| 082 | _aWL100 P569m 2004 | ||
| 100 |
_aEdited by Stoke, Maria _99472 |
||
| 245 | _aPhysical Management in Neurological Rehabilitation | ||
| 260 | _aEdinburgh; Elsevier, 2004 | ||
| 300 | _axviii,554p; col.ill: 24.5cm | ||
| 504 | _aReferences, appendex, & index included | ||
| 650 |
_aNeurology rehabilitation _99473 |
||
| 650 |
_aPhysiotherapy _91959 |
||
| 942 |
_2z _cO_SHELF |
||
| 999 |
_c4403 _d4403 |
||